Hypergraph seminar
Guardat en:
| Autors principals: | , |
|---|---|
| Format: | Llibre |
| Idioma: | anglès |
| Publicat: |
Berlín
Springer-Verlag
1974
|
| Col·lecció: | Lecture Notes in Mathematics, 411
|
| Matèries: | |
| Etiquetes: |
Afegir etiqueta
Sense etiquetes, Sigues el primer a etiquetar aquest registre!
|
MARC
| LEADER | 00000nam a2200000 a 4500 | ||
|---|---|---|---|
| 001 | UCP3032 | ||
| 003 | CL-VaPUC | ||
| 005 | 20240318110934.0 | ||
| 008 | 990604e19740000gw 1 eng d | ||
| 082 | 0 | 4 | |a 511.5 |b BER |2 21 |
| 100 | 1 | |a Berge, Claude |e author |9 619519 | |
| 700 | 1 | |a Ray-Chaudhuri |e author |9 619520 | |
| 245 | 1 | 0 | |a Hypergraph seminar |
| 260 | |a Berlín |b Springer-Verlag |c 1974 | ||
| 300 | |a 287 p | ||
| 490 | 0 | |a Lecture Notes in Mathematics, 411 | |
| 583 | |a last modification |c 19990604 00:00:00 |k Rodrigo Vera | ||
| 650 | 0 | 0 | |a Teoría de grafos |9 269886 |
| 650 | 0 | 7 | |a HIPERGRAFOS |2 CL-VaPUC |9 426847 |
| 650 | 0 | 0 | |a Congresos |9 257560 |
| 942 | |c BK | ||
| 945 | |a crobeson |d 19990604 00:00:00 | ||
| 546 | |a En Inglés | ||
| 518 | |p Working Seminar on Hypergraphs, Ohio State University, 16 de agosto al 9 de septiembre de 1972 | ||
| 999 | |c 383437 |d 383435 | ||
| 952 | |0 0 |1 0 |4 0 |6 511_500000000000000_BER_1974 |7 0 |8 A |9 505555 |a BIBMAT |b BIBMAT |d 2020-01-23 |i 1347500 |o 511.5 BER 1974 |p 1347500 |r 2025-01-07 |w 2020-01-23 |y BK |k MAT | ||